El Congreso Constituyente de Querťaro tras bambalinas

Bibliographic Details
Main Author: Romero Garca̕, Fernando
Format: eBook
Language:Spanish
Published: Ciudad de Mx̌ico: Cm̀ara de Diputados, 2017
Subjects:
Online Access:Acceso restringido

MARC

LEADER 00000nam a22000007a 4500
005 20170611225441.0
007 cr|||| ||||
008 170611s2017 mx |||||s|||| 00||0 spa d
020 |a 978-607-9423-84-1 
035 |a 20344 
040 |a vLex 
090 |c 6766  |d 6766 
100 1 |a Romero Garca̕, Fernando 
245 1 2 |a El Congreso Constituyente de Querťaro tras bambalinas  |h [Recurso electrn̤ico] /  |c Fernando Romero Garca̕ 
256 |a Servicio en ln̕ea 
260 |a Ciudad de Mx̌ico:  |b Cm̀ara de Diputados,  |c 2017 
300 |a 1 recurso electrn̤ico 
506 1 |a Disponible solo en los productos indicados  |d vLex Global  |d vLex Global (Academic Edition, excluding Law Schools)  |d vLex Global (U.S. Academic Edition, Law Schools)  |d vLex Global (U.S. Academic Edition, excluding Law Schools)  |d vLex Global (Academic Edition, Law Schools) 
650 0 4 |a Derecho Constitucional  |z Mx̌ico 
740 0 |a vLex Libros (Servicio en ln̕ea) 
856 4 0 |u http://vlex.com/source/congreso-constituyente-queretaro-bambalinas-20344  |z Acceso restringido 
942 |c BOOK 
999 0 |a Constitutional right